000 01102nas a2200361 4500
001 BR7802967
003 BR-BrBNA
005 20231205083427.0
007 ta
008 230509b bl.|||p| |||| 00| 00por d
040 _aBR-BrBNA
_bpor
_cBiblioteca Nacional de Agricultura
041 _a(Pt)
072 _aE70
110 1 _aEmpresa de Pesquisa Agropecuaria de Minas Gerais, Belo Horizonte (Brasil)
245 1 _aInforme conjuntural agropecuario. Junho de 1977 [comercializacao, abastecimento, preco, Minas Gerais, Brasil]
650 _aABASTECIMENTO
650 _aPRECO
650 _aARROZ
650 _aMILHO
650 _aFEIJAO
650 _aALGODAO
650 _aSOJA
650 _aBATATA INGLESA
650 _aALHO
650 _aCEBOLA
650 _aSEMENTE
650 _aMAQUINA AGRICOLA
650 _aFERTILIZANTE
650 _aMINAS GERAIS
773 0 _tInforme Agropecuario - Empresa de Pesquisa Agropecuaria de Minas Gerais (Brazil)
_xISSN 0100-3364
_g(Aug 1977), v. 3(32) p. 106-134
_wBR7802967
909 _a202311
_bLúcia
_c55
_dLúcia Elande
942 _2AGRIS
_n0
_cANA
999 _c98677
_d98677